[Event "Summer Series, S50291"]
[Site "CCLA"]
[Date "2015.07.25"]
[Round "?"]
[White "Jarmuz, Frederick"]
[Black "Bapple, Edward C."]
[Result "1-0"]
[WhiteElo "1945"]
[BlackElo "1908"]

1. d4 Nf6 2. c4 e6 3. Nf3 b6 4. Nc3 Bb4 5. g3 Bb7 6. Bg2 O-O 7. O-O Bxc3 
8. bxc3 d6 9. a4 Nbd7 10. a5 bxa5 11. Rxa5 c5 12. Ra1 Qc7 13. Bf4 e5 14. 
dxe5 Nxe5 15. Qa4 a5 16. Rfd1 Rfe8 17. Nxe5 dxe5 18. Bxb7 Qxb7 19. Be3 Qc7
20. Rab1 Rec8 21. Rb5 Nd7 22. Rd2 h6 23. f3 Nb6 24. Qa2 Nd7 25. Qb1 Qc6 
26. Qd1 Ra7 27. Ra2 a4 28. Rxa4 Rxa4 29. Qxa4 e4 30. Ra5 Qxa4 31. Rxa4 
exf3 32. exf3 Nb6 33. Ra5 Nxc4 34. Rxc5 Rxc5 35. Bxc5 f5 36. Bd4 Kf7 37. 
Kf2 g6 38. Ke2 Ke6 39. Bg7 h5 40. h3 Kd5 41. Kd3 Nd6 42. Ke3 g5 43. Bf6 g4
44. hxg4 hxg4 45. fxg4 fxg4 46. Kf4 1-0

[Event "Summer Series, S50311"]
[Site "CCLA"]
[Date "2015.07.25"]
[Round "?"]
[White "Blankenship, Jerry T."]
[Black "Hadley, Douglas R."]
[Result "0-1"]
[WhiteElo "1527"]
[BlackElo "1660"]

1. d4 Nf6 2. c4 e6 3. Nc3 Bb4 4. a3 Bxc3+ 5. bxc3 c5 6. Nf3 O-O 7. e3 d6 
8. Bd3 Nc6 9. Qc2 b6 10. O-O Ba6 11. d5 Na5 12. dxe6 fxe6 13. Ng5 Qe7 14. 
Bxh7+ Kh8 15. f4 Bb7 16. Bg6 Nxc4 17. Qf2 Ng4 18. Qe2 Qf6 19. Bd3 Ncxe3 
20. Bxe3 Nh6 21. Nh7 Qxc3 22. Ng5 Qf6 0-1

[Event "2015 Server Team Champ - Div 4, S54999"]
[Site "CCLA"]
[Date "2015.10.28"]
[Round "?"]
[White "Cangelosi, Dominic"]
[Black "Zarges, Ron V."]
[Result "0-1"]
[WhiteElo "1419"]
[BlackElo "1663"]
[Board "2"]
[WhiteTeam "Pennsylvania Pawn Pushers"]
[BlackTeam "Norsemen"]

1. d4 Nf6 2. c4 e6 3. Nc3 Bb4 4. a3 Bxc3+ 5. bxc3 c5 6. Bg5 Qa5 7. Qc2 Ne4
8. Bd2 f5 9. e3 O-O 10. Bd3 Nxd2 11. Kxd2 cxd4 12. exd4 d5 13. c5 Bd7 14. 
Nf3 Nc6 15. Rhb1 Qc7 16. h3 Qf4+ 17. Ke2 Rab8 18. Rg1 Rbe8 19. g3 Qc7 20. 
Rge1 e5 21. dxe5 Nxe5 22. Nxe5 Rxe5+ 23. Kd2 Rxe1 24. Rxe1 Qxc5 25. Re2 
Qxa3 26. g4 g6 27. g5 Re8 28. Rxe8+ Bxe8 29. f4 Qc5 30. Ke2 Qg1 31. Kf3 
Qh1+ 32. Kg3 Qe1+ 33. Kg2 Bc6 34. Be2 d4+ 35. Bf3 Bxf3+ 36. Kxf3 Qxc3+ 37.
 Qxc3 dxc3 38. Ke2 b5 39. Kd3 b4 40. Kc2 Kf7 41. Kb3 Ke6 42. Kc2 Kd5 0-1

[Event "Winter Series, S50061"]
[Site "CCLA"]
[Date "2015.01.28"]
[Round "?"]
[White "Perry, William E."]
[Black "Anderson, Lawrence D."]
[Result "1-0"]
[WhiteElo "1440"]
[BlackElo "1435"]

1. d4 Nf6 2. c4 e6 3. Nc3 Bb4 4. e3 O-O 5. a3 Bxc3+ 6. bxc3 b6 7. Bd3 Bb7 
8. f3 c5 9. Ne2 Nc6 10. O-O Na5 11. e4 d5 12. e5 Nd7 13. cxd5 Bxd5 14. Qc2
g6 15. Be4 Bxe4 16. Qxe4 f6 17. exf6 Nxf6 18. Qxe6+ Rf7 19. Bh6 Qe7 20. 
Qxe7 Rxe7 21. Rfe1 Rae8 22. Kf2 Nd7 23. Ng3 Rxe1 24. Rxe1 Rxe1 25. Kxe1 
Nc4 26. Bc1 Nf6 27. Ke2 cxd4 28. cxd4 Nd5 29. Kd3 b5 30. Ne4 Kf7 31. g3 a5
32. Bd2 Nxd2 33. Kxd2 Kg7 34. Nc3 Nc7 35. Kd3 b4 36. axb4 axb4 37. Ne4 Nd5
38. Kc4 Nb6+ 39. Kxb4 Kf7 40. Kc5 Nd7+ 41. Kd6 Nf8 42. d5 h6 43. h4 Nh7 
44. Kc7 Nf8 45. d6 Ke6 46. Nc5+ Kd5 47. d7 Nxd7 48. Nxd7 g5 49. h5 Ke6 50.
 Nc5+ Kd5 51. Nd3 Kd4 52. Ne1 Ke5 53. g4 Kf4 54. Kd6 Kg3 55. Ke6 Kf2 56. 
Kf6 1-0

[Event "2015 NA Class D Ch - Rd 1 Sect 2, S50121"]
[Site "CCLA"]
[Date "2015.04.27"]
[Round "?"]
[White "Benson, Katie J."]
[Black "Anderson, Lawrence D."]
[Result "0-1"]
[WhiteElo "1185"]
[BlackElo "1435"]

1. d4 Nf6 2. c4 e6 3. Bg5 Bb4+ 4. Nc3 c5 5. Bxf6 Qxf6 6. e3 Nc6 7. Ne2 d6 
8. a3 Ba5 9. d5 Bxc3+ 10. Nxc3 Ne5 11. Be2 O-O 12. O-O a6 13. b3 Bd7 14. 
Rb1 b5 15. e4 Rfe8 16. Ra1 Reb8 17. Rb1 b4 18. axb4 Rxb4 19. f4 Ng6 20. g3
Qxc3 21. Rf3 Qf6 22. Qd2 Rab8 23. Rd3 exd5 24. exd5 Ba4 25. Qd1 Bxb3 26. 
Qc1 Ba4 27. Rxb4 Rxb4 28. Rd2 Qe7 29. Bd1 Qe3+ 0-1

[Event "2015 Server Team Ch - Div 1, S51999"]
[Site "CCLA"]
[Date "2015.10.30"]
[Round "?"]
[White "Wilkinson, James P."]
[Black "Anderson, Aaron J."]
[Result "1/2-1/2"]
[WhiteElo "2210"]
[BlackElo "2174"]
[Board "2"]
[WhiteTeam "BCCA Kings"]
[BlackTeam "Gustafson Winners"]

1. d4 Nf6 2. c4 e6 3. Nc3 Bb4 4. Qc2 O-O 5. e4 d6 6. a3 Bxc3+ 7. bxc3 e5 
8. Bd3 Nc6 9. Ne2 b6 10. O-O Ba6 11. f4 Nd7 12. Rf3 Na5 13. fxe5 dxe5 14. 
Ng3 Bxc4 15. Nf5 Kh8 16. Rh3 Re8 17. d5 b5 18. Qd1 Qf6 19. Bc2 g6 20. Ne3 
a6 21. a4 Qg7 22. Ba3 Rec8 23. Qg4 Nf6 24. Qg5 Nd7 25. Qe7 f6 26. Qb4 Nb3 
27. Bxb3 a5 28. Qe7 Bxb3 29. axb5 Qxe7 30. Bxe7 Re8 31. Ba3 f5 32. c4 f4 
33. Rb1 a4 34. Nf1 Nf6 35. Nd2 g5 36. d6 cxd6 37. Bxd6 Re6 38. Bb4 g4 39. 
Rc3 Rb6 40. Be7 Kg7 41. Bxf6+ Kxf6 42. Nxb3 axb3 43. Rcxb3 Rc8 44. Rc1 Rc5
45. Rb4 Ke6 46. Kf2 Rb8 47. Ke2 Rd8 48. b6 Rb8 49. Kd3 Kd7 50. Ra1 Rb7 51.
 Kc3 Rc6 52. Rab1 f3 53. gxf3 gxf3 54. Rb5 f2 55. Rd1+ Rd6 56. Rf1 Rdxb6 
57. Rxb6 Rxb6 58. Rxf2 Rh6 59. Kb4 Rh4 60. Kc5 1/2-1/2

[Event "Premier Quad, S50249"]
[Site "CCLA"]
[Date "2015.05.29"]
[Round "?"]
[White "Beavan, Robert"]
[Black "Hansen, Michael"]
[Result "1/2-1/2"]
[WhiteElo "1969"]
[BlackElo "1754"]

1. d4 Nf6 2. c4 e6 3. Nc3 Bb4 4. Qc2 O-O 5. e4 d5 6. e5 Ne4 7. Bd3 c5 8. 
Ne2 Nc6 9. cxd5 exd5 10. Be3 cxd4 11. Bxd4 Re8 12. O-O Nxd4 13. Nxd4 Rxe5 
14. Rae1 Qc7 15. Bxe4 dxe4 16. Rxe4 Bxc3 17. Rxe5 Qxe5 18. Qxc3 Qd5 19. b3
Bd7 20. Nc2 Rc8 21. Qd4 Qxd4 22. Nxd4 Rc5 23. f3 f6 24. Kf2 Kf7 25. Re1 
Rd5 26. Rd1 a5 27. Rd2 b5 28. a3 g6 29. b4 axb4 30. axb4 Be6 1/2-1/2

[Event "Winter Series, S50061"]
[Site "CCLA"]
[Date "2015.01.28"]
[Round "?"]
[White "Perry, William E."]
[Black "Acosta, Errol"]
[Result "1-0"]
[WhiteElo "1440"]
[BlackElo "1494"]

1. d4 Nf6 2. c4 e6 3. Nc3 Bb4 4. Qc2 O-O 5. a3 Be7 6. Nf3 a6 7. Bg5 d6 8. 
e4 Nbd7 9. e5 Ne8 10. Bxe7 Qxe7 11. Bd3 f5 12. h4 d5 13. cxd5 Nb6 14. dxe6
Bxe6 15. O-O-O Rc8 16. Ng5 c5 17. dxc5 Rxc5 18. Nxe6 Qxe6 19. Kb1 Qxe5 20.
 Rhe1 Qc7 21. Qe2 Nd6 22. Qe7 Qc6 23. Qe6+ Kh8 24. Bc2 Ne4 25. Qxc6 bxc6 
26. Bxe4 fxe4 27. Nxe4 Rd5 28. Rxd5 cxd5 29. Nc5 h5 30. f3 a5 31. Re5 g6 
32. Re6 Kh7 33. Rxb6 1-0

[Event "2015 NA Class A Ch Finals, S50179"]
[Site "CCLA"]
[Date "2015.04.27"]
[Round "?"]
[White "Cacas, Alexander"]
[Black "Ramsden, Jim E."]
[Result "0-1"]
[WhiteElo "1891"]
[BlackElo "1819"]

1. d4 Nf6 2. c4 e6 3. Nc3 Bb4 4. Qc2 O-O 5. a3 Bxc3+ 6. Qxc3 b6 7. Nf3 Bb7
8. e3 d6 9. Be2 Ne4 10. Qc2 f5 11. O-O Rf6 12. b4 Rg6 13. Bb2 Nd7 14. Rad1
Ndf6 15. d5 Bc8 16. dxe6 Bxe6 17. Nd4 Qd7 18. Nxe6 Qxe6 19. Rc1 f4 20. 
exf4 Qh3 0-1

[Event "Winter Series, S50031"]
[Site "CCLA"]
[Date "2015.01.28"]
[Round "?"]
[White "Greco, Tom"]
[Black "Jarmuz, Frederick"]
[Result "0-1"]
[WhiteElo "1641"]
[BlackElo "1945"]

1. d4 Nf6 2. c4 e6 3. Nc3 Bb4 4. Qc2 O-O 5. a3 Bxc3+ 6. Qxc3 b6 7. Nf3 Bb7
8. e3 d6 9. b4 Nbd7 10. Bb2 a5 11. Be2 axb4 12. axb4 Rxa1+ 13. Bxa1 Ne4 
14. Qc2 Ng5 15. Qd1 Nxf3+ 16. Bxf3 Bxf3 17. Qxf3 Qa8 18. Qxa8 Rxa8 19. O-O
Ra3 20. Re1 Rb3 21. b5 d5 22. cxd5 exd5 23. Rc1 Rxb5 24. h3 Nf8 25. g4 Ne6
26. Kg2 g6 27. f4 Rb3 28. f5 Ng5 29. h4 Ne4 30. Kf3 gxf5 31. gxf5 f6 32. 
Rxc7 Rb1 33. Ra7 b5 34. Ra5 Kg7 35. Kf4 Kh6 36. Ra7 b4 37. Ra5 Kh5 38. 
Rxd5 Nd2 39. Rd7 h6 40. Ra7 Kxh4 41. e4 Rb3 0-1

[Event "Summer Series, S50321"]
[Site "CCLA"]
[Date "2015.07.25"]
[Round "?"]
[White "Wright, John"]
[Black "Graupera, Carlos"]
[Result "1-0"]
[WhiteElo "1642"]
[BlackElo "1466"]

1. d4 e6 2. c4 Nf6 3. Nc3 Bb4 4. Qc2 d5 5. cxd5 exd5 6. Bg5 O-O 7. e3 h6 
8. Bh4 Re8 9. Bd3 c5 10. Ne2 c4 11. Bh7+ Kh8 12. Bf5 Nc6 13. O-O-O Be7 14.
 Bxf6 Bxf6 15. Nf4 Bxf5 16. Qxf5 Ne7 17. Nfxd5 Nxd5 18. Nxd5 Re6 19. Kb1 
b5 20. Nxf6 Rxf6 21. Qxb5 Rxf2 22. Qxc4 Rb8 23. b4 Qf6 24. Rhf1 Rxf1 25. 
Qxf1 Rxb4+ 26. Ka1 Qe6 27. Qe2 Ra4 28. Qf2 f5 29. Rb1 Kh7 30. g4 fxg4 31. 
Qc2+ 1-0

[Event "Winter Series, S50031"]
[Site "CCLA"]
[Date "2015.01.28"]
[Round "?"]
[White "Richardson, Ryan M."]
[Black "Jarmuz, Frederick"]
[Result "1/2-1/2"]
[WhiteElo "1795"]
[BlackElo "1945"]

1. d4 d5 2. c4 e6 3. Nc3 Nf6 4. Qc2 Bb4 5. a3 Bxc3+ 6. Qxc3 Ne4 7. Qc2 c5 
8. dxc5 Nc6 9. e3 Qa5+ 10. Bd2 Nxd2 11. Qxd2 Qxc5 12. Rc1 d4 13. b4 dxe3 
14. fxe3 Qe7 15. Nf3 e5 16. Be2 Bg4 17. O-O O-O 18. h3 Rad8 19. Qc2 Bh5 
20. b5 e4 21. Nh2 Bxe2 22. Qxe2 Ne5 23. Ng4 Nd3 24. Rc3 f5 25. Nf2 Qe5 26.
 Rb3 Nc5 27. Rbb1 b6 28. Rfd1 Qc3 29. a4 Nxa4 30. Rxd8 Rxd8 31. Rd1 Rc8 
32. Rd7 Qa1+ 33. Kh2 Nc5 34. Rd5 Qf6 35. Qd1 Ne6 36. Nh1 Rxc4 37. Ng3 g6 
38. Rd6 Rc5 39. Qb3 Re5 40. Rd7 f4 41. exf4 Qxf4 42. Qa3 Rg5 43. Qb3 Qe5 
44. Re7 Kh8 45. Rxe6 Rxg3 46. Qa2 Qb8 47. Kg1 Qc8 48. Rc6 Qf8 49. Qxa7 
Rxg2+ 50. Kxg2 Qf3+ 51. Kg1 Qg3+ 1/2-1/2

[Event "2015 Server Team Ch - Div 2"]
[Site "CCLA"]
[Date "2015.10.30"]
[Round "?"]
[White "Hamer, John"]
[Black "Clancey, James"]
[Result "0-1"]
[WhiteElo "1910"]
[BlackElo "1858"]
[Board "4"]
[WhiteTeam "SchemingMind C"]
[BlackTeam "Queen & Knights"]

1. d4 Nf6 2. c4 e6 3. Nc3 Bb4 4. Qc2 O-O 5. Nf3 c5 6. dxc5 Na6 7. a3 Bxc3+
8. Qxc3 Nxc5 9. b4 Nce4 10. Qd4 d6 11. Ng5 e5 12. Qd3 Bf5 13. f3 Ng3 14. 
e4 Nxh1 0-1

[Event "2015 Server Team Ch - Div 1, S51999"]
[Site "CCLA"]
[Date "2015.10.30"]
[Round "?"]
[White "Batchelor, Paul A."]
[Black "Pinchon, Francois"]
[Result "1/2-1/2"]
[WhiteElo "2216"]
[BlackElo "2307"]
[Board "3"]
[WhiteTeam "BCCA Kings"]
[BlackTeam "SchemingMind A"]

1. d4 Nf6 2. c4 e6 3. Nc3 Bb4 4. e3 O-O 5. Bd3 b6 6. Nf3 Bb7 7. O-O c5 8. 
Na4 cxd4 9. exd4 Be7 10. Re1 d5 11. c5 Nc6 12. Bf4 Ne4 13. Rc1 Rc8 14. 
cxb6 1/2-1/2

[Event "Premier Quad, S50249"]
[Site "CCLA"]
[Date "2015.05.29"]
[Round "?"]
[White "Tripp, Glenn"]
[Black "Hansen, Michael"]
[Result "1-0"]
[WhiteElo "2009"]
[BlackElo "1754"]

1. d4 Nf6 2. c4 e6 3. Nc3 Bb4 4. e3 O-O 5. Ne2 Re8 6. a3 Bf8 7. Ng3 d5 8. 
Be2 b6 9. O-O Bb7 10. b4 dxc4 11. Bxc4 c5 12. dxc5 Nbd7 13. c6 Bxc6 14. 
Bb2 a6 15. Rc1 b5 16. Bb3 Qb8 17. Bc2 Qb7 18. Nce4 Bxe4 19. Nxe4 Nxe4 20. 
Bxe4 1-0

[Event "Summer Series, S50291"]
[Site "CCLA"]
[Date "2015.07.25"]
[Round "?"]
[White "Vaughan, James"]
[Black "Jarmuz, Frederick"]
[Result "1/2-1/2"]
[WhiteElo "2259"]
[BlackElo "1945"]

1. c4 Nf6 2. d4 e6 3. Nc3 Bb4 4. e3 O-O 5. Bd3 Nc6 6. Bd2 d5 7. a3 dxc4 8.
 Bxc4 Bd6 9. f4 Ne7 10. e4 b5 11. Bxb5 Bb7 12. Qe2 c5 13. e5 cxd4 14. Nd1 
Ne4 15. exd6 Ng6 16. Nf3 Nxd2 17. Qxd2 Bxf3 18. gxf3 Qxd6 19. O-O Nxf4 20.
 Nf2 e5 21. Nd3 Rab8 22. Bc4 Rfc8 23. b3 Rxc4 24. Nxf4 Rc3 25. Ne2 Qg6+ 
26. Ng3 h5 27. Qg2 Rc2 28. Qh3 Rxb3 29. Rae1 f6 30. Rf2 Rxf2 31. Kxf2 Rxa3
32. Nxh5 Rc3 33. Qe6+ Kh7 34. Ng3 a5 35. Kg2 a4 36. Rg1 Qh6 37. Kh1 Rc1 
38. Qf5+ Kh8 39. Rxc1 Qxc1+ 40. Kg2 Qc6 41. Qh5+ Kg8 42. Nf5 Qd7 1/2-1/2

[Event "2015 NA Class B Ch Finals, S50189"]
[Site "CCLA"]
[Date "2015.04.27"]
[Round "?"]
[White "Jarmuz, Frederick"]
[Black "Hansen, Michael"]
[Result "0-1"]
[WhiteElo "1945"]
[BlackElo "1754"]

1. d4 Nf6 2. c4 e6 3. Nc3 Bb4 4. e3 O-O 5. Bd3 d5 6. Nf3 b6 7. O-O Bb7 8. 
a3 Bd6 9. b4 dxc4 10. Bxc4 Nbd7 11. Bb2 Qe7 12. Nb5 a6 13. Nxc7 Bxc7 14. 
Bd3 Qd6 0-1

[Event "2015 Server Team Ch - Div 1, S51999"]
[Site "CCLA"]
[Date "2015.10.30"]
[Round "?"]
[White "Batchelor, Paul A."]
[Black "Caliguire, John J."]
[Result "1/2-1/2"]
[WhiteElo "2216"]
[BlackElo "2092"]
[Board "3"]
[WhiteTeam "BCCA Kings"]
[BlackTeam "Pennsylvania Keystones"]

1. d4 Nf6 2. c4 e6 3. Nc3 Bb4 4. e3 O-O 5. Bd3 c5 6. Nf3 d5 7. O-O b6 8. 
cxd5 exd5 9. a3 Bxc3 10. bxc3 Nc6 11. Ne5 Bb7 12. Bb2 Nxe5 13. dxe5 Ne4 
14. f4 Qc8 15. a4 1/2-1/2

[Event "2015 Server Team Ch - Div 1, S51999"]
[Site "CCLA"]
[Date "2015.10.30"]
[Round "?"]
[White "Parente, Antonio"]
[Black "Duchardt, Alexandre"]
[Result "1/2-1/2"]
[WhiteElo "2081"]
[BlackElo "2290"]
[Board "5"]
[WhiteTeam "SchemingMind B"]
[BlackTeam "SchemingMind A"]

1. d4 Nf6 2. c4 e6 3. Nc3 Bb4 4. e3 O-O 5. Bd3 d5 6. Nf3 c5 7. O-O Nc6 8. 
Re1 b6 9. a3 Bxc3 10. bxc3 Na5 11. cxd5 exd5 12. Nd2 Re8 13. f3 Bb7 14. 
Bb2 Rc8 15. Rc1 c4 16. Bc2 g6 17. e4 Nh5 18. Qe2 dxe4 19. fxe4 f5 20. Rcd1
Rc7 21. Bc1 Nf6 22. e5 Nd5 23. Nb1 Kg7 24. Bd2 Nb3 25. Bxb3 cxb3 26. Qb5 
Qc8 27. Qxb3 f4 28. Rc1 f3 29. gxf3 Rf8 30. c4 Qh3 31. cxd5 Rxc1 32. Rxc1 
1/2-1/2

[Event "2015 Server Team Ch - Div 2"]
[Site "CCLA"]
[Date "2015.10.30"]
[Round "?"]
[White "Deskin, Gary"]
[Black "Young III, William C."]
[Result "1-0"]
[WhiteElo "2128"]
[BlackElo "2013"]
[Board "1"]
[WhiteTeam "Big Red Fuzzy"]
[BlackTeam "Chairmen of the Board"]

1. d4 Nf6 2. c4 e6 3. Nc3 Bb4 4. e3 O-O 5. Bd3 d5 6. Nf3 c5 7. O-O Nc6 8. 
cxd5 cxd4 9. dxc6 dxc3 10. bxc3 Bd6 11. c4 Qe7 12. Bb2 e5 13. cxb7 Bxb7 
14. Rb1 Bc6 15. Nd2 Rfd8 16. Qc2 e4 17. Be2 Bxh2+ 18. Kxh2 Qd6+ 19. Kg1 
Qxd2 20. Bd1 Qa5 21. Qc3 Qxc3 22. Bxc3 Nd7 23. Be2 Nc5 24. Rfd1 Nd3 25. f3
Rac8 26. fxe4 Bxe4 27. Rb5 h6 28. Bd4 a6 29. Ra5 Nb4 30. a3 Nc6 31. Rxa6 
Bc2 32. Rd2 Bb3 33. c5 Nxd4 34. Rxd4 Re8 35. Rb6 Rxe3 36. Kf2 Rc3 37. Rd3 
Rxd3 38. Bxd3 Be6 39. c6 Kf8 40. Ba6 Rd8 41. c7 Rd2+ 42. Ke1 Rxg2 43. Rxe6
Rc2 44. c8=Q+ Rxc8 45. Bxc8 fxe6 46. Bxe6 Ke7 47. Bc4 Kd6 48. Be2 1-0

[Event "2015 REGULAR QUAD, S50379"]
[Site "CCLA"]
[Date "2015.08.20"]
[Round "?"]
[White "Hodgkins, Neil C."]
[Black "Tarrant, Johnny L."]
[Result "1-0"]
[WhiteElo "1433"]
[BlackElo "1154"]

1. d4 Nf6 2. c4 g6 3. Nf3 e6 4. Nc3 Bg7 5. Bg5 O-O 6. e4 h6 7. Bh4 g5 8. 
Bg3 Nc6 9. Be2 g4 10. Ne5 Nxe5 11. Bxe5 h5 12. Bg3 d5 13. cxd5 Re8 14. 
dxe6 fxe6 15. O-O c6 16. b4 b5 17. f3 a5 18. a3 Nh7 19. e5 1-0

[Event "Winter Series, S50031"]
[Site "CCLA"]
[Date "2015.01.28"]
[Round "?"]
[White "Lines, Daniel"]
[Black "Zarges, Ron V."]
[Result "0-1"]
[WhiteElo "1419"]
[BlackElo "1660"]

1. d4 Nf6 2. Nf3 g6 3. c4 b6 4. Nc3 Bb7 5. Bg5 Bg7 6. Bxf6 Bxf6 7. e3 O-O 
8. Be2 d6 9. O-O e6 10. Qc2 Nd7 11. b3 Bg7 12. h3 c5 13. Qd2 Nf6 14. dxc5 
bxc5 15. a4 d5 16. cxd5 Nxd5 17. Rac1 Nxc3 18. Bd3 Ne4 19. Bxe4 Bxe4 20. 
Qxd8 Rfxd8 21. Rxc5 Rdb8 22. Rb5 Rxb5 23. axb5 Bd3 24. Rd1 Bxb5 25. Nd4 
Bxd4 26. Rxd4 a6 27. g4 e5 28. Rd1 Rb8 29. Rd5 f6 30. Rd6 Kf7 31. Rd2 Ke7 
32. Kg2 Bc6+ 33. Kg3 Rxb3 34. Ra2 Bb5 35. h4 h5 36. gxh5 gxh5 37. Ra1 Rb4 
0-1

[Event "2015  Server Team - Div 3, S53999"]
[Site "CCLA"]
[Date "2015.10.30"]
[Round "?"]
[White "Hardwick, Martin E."]
[Black "Stewart, Scott A."]
[Result "0-1"]
[WhiteElo "1456"]
[BlackElo "1343"]
[Board "6"]
[WhiteTeam "BCCA Bishops"]
[BlackTeam "Knights of the Square Table"]

1. d4 Nf6 2. c4 g6 3. Nf3 Bg7 4. Bf4 d5 5. e3 c5 6. Be2 cxd4 7. exd4 Nc6 
8. O-O dxc4 9. Bxc4 O-O 10. a3 Bg4 11. Be2 Bxf3 12. Bxf3 Qxd4 13. Qxd4 
Nxd4 14. Bxb7 Ne2+ 15. Kh1 Rad8 16. Be3 Nd4 17. Bxd4 Rxd4 18. Nc3 Rb8 19. 
Bf3 Rxb2 20. Rfd1 Rxd1+ 21. Nxd1 Rd2 22. Ne3 Ne4 23. Rb1 Nxf2+ 24. Kg1 Bd4
25. Rb8+ Kg7 26. Nf1 Ra2 27. Rb3 Nd3+ 28. Ne3 Bxe3+ 29. Kf1 Rf2+ 30. Kg1 
Rxf3+ 31. Kh1 Rf1# 0-1

[Event "Premier Quad, S50029"]
[Site "CCLA"]
[Date "2015.02.02"]
[Round "?"]
[White "Sereni, Vincent T."]
[Black "Stevens, Daniel L."]
[Result "1-0"]
[WhiteElo "2117"]
[BlackElo "1775"]

1. d4 Nf6 2. Nf3 g6 3. c4 Bg7 4. e3 O-O 5. Be2 d6 6. Nc3 Nbd7 7. e4 e5 8. 
dxe5 dxe5 9. Qc2 c6 10. O-O Qe7 11. Rd1 Re8 12. Be3 h6 13. h3 Kh7 14. Rd2 
Nh5 15. g3 Nf8 16. Bf1 f5 17. exf5 Bxf5 18. Qb3 e4 19. Nd4 Be5 20. g4 Nf4 
21. gxf5 gxf5 22. Nxf5 Qg5+ 23. Ng3 Nxh3+ 24. Bxh3 Qh4 25. Bf5+ Kh8 26. 
Kg2 1-0

[Event "2015 Server Team Ch - Div 1, S51999"]
[Site "CCLA"]
[Date "2015.10.30"]
[Round "?"]
[White "Silverman, Robert"]
[Black "Thompson, Brian"]
[Result "1-0"]
[WhiteElo "1897"]
[BlackElo "2343"]
[Board "6"]
[WhiteTeam "Pennsylvania Keystones"]
[BlackTeam "BCCA Kings"]

1. d4 Nf6 2. c4 g6 3. g3 Bg7 4. Bg2 O-O 5. Nc3 d6 6. Nf3 Nbd7 7. O-O e5 8.
 e4 c6 9. dxe5 dxe5 10. Qc2 Qe7 11. Rd1 Nc5 12. h3 Nfd7 13. Bg5 f6 14. Be3
a5 15. b3 Re8 16. a3 Ne6 17. h4 Ndf8 18. h5 g5 19. Bh3 g4 20. Bxg4 Ng5 21.
 Nh2 Nfe6 22. Bf5 Nf7 23. Ng4 Neg5 24. Bxc8 Raxc8 25. Kg2 Qe6 26. f3 Rf8 
27. Nf2 Bh6 28. Na4 b5 29. Nc5 Qe7 30. Rd7 Qe8 31. Rad1 Ne6 32. Ng4 Bg7 
33. h6 Bh8 34. Qc3 a4 35. bxa4 bxa4 36. Nxa4 Nd4 37. Nc5 f5 38. exf5 Nxf5 
39. Qd3 Nxe3+ 40. Qxe3 Rb8 41. R1d6 Rb2+ 42. Kh3 Qb8 43. Rg6+ 1-0

[Event "2015 Server Team Ch - Div 1, S51999"]
[Site "CCLA"]
[Date "2015.10.30"]
[Round "?"]
[White "Pedersen, Roger"]
[Black "Thompson, Brian"]
[Result "1-0"]
[WhiteElo "1926"]
[BlackElo "2343"]
[Board "6"]
[WhiteTeam "Paul Morphy's Hair"]
[BlackTeam "BCCA Kings"]

1. c4 Nf6 2. g3 g6 3. Bg2 Bg7 4. Nf3 O-O 5. O-O d6 6. d4 Nbd7 7. Nc3 e5 8.
 e4 c6 9. h3 Qb6 10. c5 dxc5 11. dxe5 Ne8 12. Qe2 Nc7 13. Be3 Ne6 14. Rad1
Nxe5 15. Nxe5 Bxe5 16. f4 Nd4 17. Qf2 Bg7 18. Na4 Qa5 19. Nxc5 Qxc5 20. 
Bxd4 Bxd4 21. Rxd4 Be6 22. Rfd1 Qb6 23. b3 Rae8 24. e5 h5 25. Bf1 Qc7 26. 
Qd2 b5 27. Rd6 Bd5 28. Bg2 Bxg2 29. Kxg2 c5 30. Qd5 h4 31. Rxg6+ Kh7 32. 
Rc6 Qa5 33. Qf3 Qxa2+ 34. Kh1 Rh8 35. e6 1-0

[Event "Summer Series, S50301"]
[Site "CCLA"]
[Date "2015.07.25"]
[Round "?"]
[White "Avery, Bryce"]
[Black "Shannon, Paul D."]
[Result "0-1"]
[WhiteElo "1657"]
[BlackElo "1865"]

1. d4 Nf6 2. c4 g6 3. Nc3 Bg7 4. e4 d6 5. Be2 O-O 6. Bg5 Na6 7. f4 c6 8. 
Nf3 Nc7 9. Bh4 b5 10. e5 Ng4 11. Qd2 bxc4 12. Bxc4 Ba6 13. Bxa6 Nxa6 14. 
Qe2 Nc7 15. O-O Qd7 16. Rad1 Rab8 17. h3 Nh6 18. d5 Nxd5 19. Nxd5 cxd5 20.
 Rxd5 Nf5 21. Bf2 Qb7 22. Rd2 d5 23. g4 Nh6 24. Rc1 Rfc8 25. Rxc8+ Rxc8 
26. Rc2 a6 27. Rxc8+ Qxc8 28. Nd4 Qc1+ 29. Kg2 Qxf4 30. Nc6 e6 31. Ne7+ 
Kh8 32. Nc6 Qa4 33. Nb8 a5 34. a3 Qe8 35. Na6 Ng8 36. b4 axb4 37. axb4 f6 
38. exf6 Nxf6 39. b5 Ne4 40. b6 Qc6 41. Nb4 Qb7 42. Qa6 Nd6 43. Qxb7 Nxb7 
44. Nd3 d4 45. Kf3 Kg8 46. Kf4 Nd6 47. Ne5 g5+ 48. Kxg5 Bxe5 0-1

[Event "2015 Server Team Ch - Div 2"]
[Site "CCLA"]
[Date "2015.10.30"]
[Round "?"]
[White "Hamer, John"]
[Black "Catania, Duane"]
[Result "1-0"]
[WhiteElo "1910"]
[BlackElo "1720"]
[Board "4"]
[WhiteTeam "SchemingMind C"]
[BlackTeam "Big Red Fuzzy"]

1. c4 Nf6 2. Nc3 g6 3. Nf3 Bg7 4. e4 O-O 5. d4 d6 6. h3 Nbd7 7. Be3 a6 8. 
Be2 e5 9. d5 Nh5 10. O-O Nf4 11. Re1 Nxe2+ 12. Rxe2 h6 13. Qd2 Kh7 14. Qc2
f5 15. exf5 Rxf5 16. Ne4 Rxf3 17. gxf3 Qh4 18. Kg2 Nf6 19. Rh1 Nh5 20. c5 
Bf5 21. Qd2 Bxe4 22. fxe4 Qxe4+ 23. Kh2 Qf3 24. cxd6 cxd6 25. Rc1 Nf6 26. 
Qd1 e4 27. Rc7 Nxd5 28. Qxd5 Qxe2 29. Bd4 1-0

[Event "2015 Server Team Ch - Div 1, S51999"]
[Site "CCLA"]
[Date "2015.10.30"]
[Round "?"]
[White "Reinhart, Kenneth M."]
[Black "Sutton, Alan B."]
[Result "1-0"]
[WhiteElo "2466"]
[BlackElo "2283"]
[Board "1"]
[WhiteTeam "Gustafson Winners"]
[BlackTeam "BCCA Kings"]

1. Nf3 Nf6 2. c4 g6 3. Nc3 Bg7 4. e4 d6 5. d4 O-O 6. h3 e5 7. d5 Nh5 8. g3
f5 9. exf5 gxf5 10. Nh4 Nf4 11. Bd2 Na6 12. gxf4 Qxh4 13. fxe5 Re8 14. e6 
Bxe6 15. dxe6 Rxe6+ 16. Ne2 Bxb2 17. Rb1 Bd4 18. Rh2 Rae8 19. Qc2 Qh5 20. 
Rg2+ Kf7 21. Bc1 Re4 22. Rb3 Qh4 23. Rf3 R8e5 24. Kd1 Nc5 25. Rg5 Ke6 26. 
Rg7 d5 27. Qd2 c6 28. Rf4 Qh5 29. f3 1-0

[Event "Premier Quad, S50249"]
[Site "CCLA"]
[Date "2015.05.29"]
[Round "?"]
[White "Hansen, Michael"]
[Black "Tripp, Glenn"]
[Result "0-1"]
[WhiteElo "1754"]
[BlackElo "2009"]

1. d4 Nf6 2. c4 g6 3. Nc3 Bg7 4. e4 d6 5. Nf3 O-O 6. h3 e5 7. d5 a5 8. Be3
Na6 9. Bd3 Nc5 10. Bc2 b6 11. a3 Nh5 12. b4 axb4 13. axb4 Rxa1 14. Qxa1 
Na6 15. Qa3 Nf4 16. O-O Qf6 17. Bd1 Qe7 18. Ba4 f5 19. Bc2 fxe4 20. Bxe4 
Qd7 21. Ng5 Kh8 0-1

[Event "Premier Quad, S50029"]
[Site "CCLA"]
[Date "2015.02.02"]
[Round "?"]
[White "Jones, Jan"]
[Black "Stevens, Daniel L."]
[Result "1-0"]
[WhiteElo "2228"]
[BlackElo "1775"]

1. Nf3 Nf6 2. c4 g6 3. Nc3 Bg7 4. e4 d6 5. d4 O-O 6. Be2 Nc6 7. d5 Nb8 8. 
O-O e5 9. Ne1 Nfd7 10. Nd3 f5 11. exf5 gxf5 12. f3 Kh8 13. Be3 Na6 14. Qc2
f4 15. Bf2 Nf6 16. b4 Bf5 17. Qd2 Bxd3 18. Qxd3 Nxb4 19. Qb1 a5 20. a3 Na6
21. Qxb7 Nd7 22. Ne4 Nac5 23. Bxc5 Nxc5 24. Nxc5 dxc5 25. Rab1 Rf6 26. Bd3
Bf8 27. Qb2 Bd6 28. Qc2 Rh6 29. Bf5 Qf6 30. Rb7 e4 31. Bxe4 Rf8 32. Rfb1 
Be5 33. h3 Rf7 34. Qa4 Bd6 35. Kh1 Qd4 36. Ra7 Kg7 37. Rxa5 Rh5 38. Qc2 
Qf6 39. a4 Qh4 40. Ra8 Re7 41. a5 Rhe5 42. a6 Rxe4 43. fxe4 Qg3 44. a7 Kh6
45. Rf8 1-0